000 00386cam a22001457a 4500
008 180718b1925 xxu||||| |||| 00| 0 eng d
020 _a0416367704
082 _aXAx42 B934
100 _aBurnett, John
245 _aSocial history of housing 1815-1985
_cby John Burnett
250 _a2nd
260 _aLondon
_bMethuen
_c1925
300 _a387p
650 _aHousing --England --History.
999 _c411285
_d411285